|
|
|
|
| LEADER |
00000nam a2200000 a 4500 |
| 001 |
vtls008185725 |
| 003 |
SK-MaSNL |
| 005 |
20260302074047.0 |
| 008 |
240318s2005 xo ol d p 000 0 slo |
| 015 |
|
|
|a SNBA2005/11-04429
|
| 020 |
|
|
|a 8022520128
|q (brož.)
|
| 035 |
|
|
|a DCDFD624-8E7B-4B9E-984B-D8924EC2736D
|
| 035 |
|
|
|a urn:nbn:sk:snk-amkr6e
|
| 035 |
|
|
|a urn:nbn:sk:snk-am005fbm
|
| 040 |
|
|
|a SNK
|b slo
|c SNK
|e AACR2
|
| 041 |
0 |
|
|a slo
|
| 044 |
|
|
|a xo
|
| 072 |
|
7 |
|a 620.1/.2
|x Náuka o materiáli
|2 konspekt
|
| 072 |
|
7 |
|a 37.016
|x Učebné osnovy. Vyučovacie predmety. Učebnice
|2 konspekt
|
| 080 |
|
|
|a (075.8)
|2 1997
|
| 080 |
|
|
|a (076.5)
|2 1997
|
| 080 |
|
|
|a 631.145:633/637
|2 1997
|
| 080 |
|
|
|a 663/664-021.465
|2 1997
|
| 080 |
|
|
|a 620.2
|2 1997
|
| 100 |
1 |
|
|a Polák, Matej
|4 aut
|9 352819
|
| 245 |
1 |
0 |
|a Tovaroznalectvo
|b návody na cvičenia a semináre
|c Matej Polák a kolektív
|
| 250 |
|
|
|a 1. vyd.
|
| 260 |
|
|
|a Bratislava
|b Ekonóm
|c 2005
|
| 300 |
|
|
|a 179 s., [ 6] s. fotogr. príl.
|b fotogr., tab.
|c 29 cm
|
| 504 |
|
|
|a Bibliogr. s. 177-179
|
| 506 |
|
|
|a 300 výtl.
|
| 650 |
0 |
7 |
|a tovaroznalectvo
|2 SNKPH
|9 3631
|
| 650 |
0 |
7 |
|a agropotravinárstvo
|2 SNKPH
|9 677
|
| 650 |
0 |
7 |
|a kvalita potravín
|2 SNKPH
|9 30955
|
| 655 |
|
7 |
|a učebnice vysokých škôl
|2 SNKPH
|9 70191
|
| 655 |
|
7 |
|a praktické cvičenia
|2 SNKPH
|9 70517
|
| 919 |
|
|
|a 80-225-2012-8
|
| 968 |
|
|
|d 63
|
| 999 |
|
|
|c 1163512
|d 1165442
|
| 952 |
|
|
|a SNK
|b SNK
|y PREZ
|7 0
|p 17A0479837
|o snkSB 70771
|i snk2005/12817
|8 0
|0 0
|1 0
|4 0
|d 2005-07-21
|l 0
|r 2025-04-22 00:00:00
|w 2026-02-24
|
| 952 |
|
|
|a SNK
|b SNK
|y VYP
|7 0
|p 17A0479836
|o snkSB 70771 D1
|i snk2005/12819
|8 0
|0 0
|1 0
|4 0
|d 2005-07-21
|f 1
|l 0
|r 2016-06-30 00:00:00
|w 2026-02-24
|